<?xml version="1.0" encoding="UTF-8"?><?xml-stylesheet type="text/xsl" href="static/style.xsl"?><OAI-PMH xmlns="http://www.openarchives.org/OAI/2.0/" xmlns:xsi="http://www.w3.org/2001/XMLSchema-instance" xsi:schemaLocation="http://www.openarchives.org/OAI/2.0/ http://www.openarchives.org/OAI/2.0/OAI-PMH.xsd"><responseDate>2026-04-17T06:49:09Z</responseDate><request verb="GetRecord" identifier="oai:www.recercat.cat:20.500.12328/5189" metadataPrefix="marc">https://recercat.cat/oai/request</request><GetRecord><record><header><identifier>oai:recercat.cat:20.500.12328/5189</identifier><datestamp>2026-01-28T13:12:45Z</datestamp><setSpec>com_2072_67741</setSpec><setSpec>col_2072_484352</setSpec></header><metadata><record xmlns="http://www.loc.gov/MARC21/slim" xmlns:dcterms="http://purl.org/dc/terms/" xmlns:xsi="http://www.w3.org/2001/XMLSchema-instance" xmlns:doc="http://www.lyncode.com/xoai" xsi:schemaLocation="http://www.loc.gov/MARC21/slim http://www.loc.gov/standards/marcxml/schema/MARC21slim.xsd">
   <leader>00925njm 22002777a 4500</leader>
   <datafield ind2=" " ind1=" " tag="042">
      <subfield code="a">dc</subfield>
   </datafield>
   <datafield ind2=" " ind1=" " tag="720">
      <subfield code="a">Moreno-Alonso, Deborah</subfield>
      <subfield code="e">author</subfield>
   </datafield>
   <datafield ind2=" " ind1=" " tag="720">
      <subfield code="a">Porta-Sales, Josep</subfield>
      <subfield code="e">author</subfield>
   </datafield>
   <datafield ind2=" " ind1=" " tag="720">
      <subfield code="a">Monforte-Royo, Cristina</subfield>
      <subfield code="e">author</subfield>
   </datafield>
   <datafield ind2=" " ind1=" " tag="720">
      <subfield code="a">Trelis-Navarro, Jordi</subfield>
      <subfield code="e">author</subfield>
   </datafield>
   <datafield ind2=" " ind1=" " tag="720">
      <subfield code="a">Sureda, Anna</subfield>
      <subfield code="e">author</subfield>
   </datafield>
   <datafield ind2=" " ind1=" " tag="720">
      <subfield code="a">Fernández De Sevilla-Ribosa, Alberto</subfield>
      <subfield code="e">author</subfield>
   </datafield>
   <datafield ind2=" " ind1=" " tag="260">
      <subfield code="c">2018-01</subfield>
   </datafield>
   <datafield ind2=" " ind1=" " tag="520">
      <subfield code="a">Background:Palliative care was originally intended for patients with non-haematological neoplasms and relatively few studies have assessed palliative care in patients with haematological malignancies.&#xd;
Aim:To assess palliative care interventions in managing haematological malignancies patients treated by onco-haematology departments.&#xd;
Design:Integrative systematic review with data extraction and narrative synthesis (PROSPERO #: CRD42016036240).&#xd;
Data sources:PubMed, CINAHL, Cochrane, Scopus and Web-of-Science were searched for articles published through 30 June 2015. Study inclusion criteria were as follows: (1) published in English or Spanish and (2) containing data on palliative care interventions in adults with haematological malignancies.&#xd;
Results:The search yielded 418 articles; 99 met the inclusion criteria. Six themes were identified: (1) end-of-life care, (2) the relationship between onco-haematology and palliative care departments and referral characteristics, (3) clinical characteristics, (4) experience of patients/families, (5) home care and (6) other themes grouped together as ‘miscellany’. Our findings indicate that palliative care is often limited to the end-of-life phase, with late referral to palliative care. The symptom burden in haematological malignancies patients is more than the burden in non-haematological neoplasms patients. Patients and families are generally satisfied with palliative care. Home care is seldom used. Tools to predict survival in this patient population are lacking.&#xd;
Conclusion:Despite a growing interest in palliative care for haematological malignancies patients, the evidence base needs to be strengthened to expand our knowledge about palliative care in this patient group. The results of this review support the need to develop closer cooperation and communication between the palliative care and onco-haematology departments to improve patient care.</subfield>
   </datafield>
   <datafield ind1="8" ind2=" " tag="024">
      <subfield code="a">Moreno-Alonso, Deborah; Porta-Sales, Josep; Monforte-Royo, Cristina[et al.]. Palliative care in patients with haematological neoplasms: An integrative systematic review. Palliative Medicine. 2018, 32(1), páginas 79-105. Disponible en &lt;https://pubmed.ncbi.nlm.nih.gov/29130387/>. Fecha de acceso: 27 ene. 2026. DOI: 10.1177/0269216317735246</subfield>
   </datafield>
   <datafield ind1="8" ind2=" " tag="024">
      <subfield code="a">0269-2163</subfield>
   </datafield>
   <datafield ind1="8" ind2=" " tag="024">
      <subfield code="a">http://hdl.handle.net/20.500.12328/5189</subfield>
   </datafield>
   <datafield ind1="8" ind2=" " tag="024">
      <subfield code="a">https://dx.doi.org/10.1177/0269216317735246</subfield>
   </datafield>
   <datafield tag="653" ind2=" " ind1=" ">
      <subfield code="a">Haematological malignancies</subfield>
   </datafield>
   <datafield tag="653" ind2=" " ind1=" ">
      <subfield code="a">Dying and end of life</subfield>
   </datafield>
   <datafield tag="653" ind2=" " ind1=" ">
      <subfield code="a">Haematologic neoplasms</subfield>
   </datafield>
   <datafield tag="653" ind2=" " ind1=" ">
      <subfield code="a">Palliative care</subfield>
   </datafield>
   <datafield tag="653" ind2=" " ind1=" ">
      <subfield code="a">Palliative medicine</subfield>
   </datafield>
   <datafield tag="653" ind2=" " ind1=" ">
      <subfield code="a">Terminal care</subfield>
   </datafield>
   <datafield tag="653" ind2=" " ind1=" ">
      <subfield code="a">Neoplasias hematológicas malignas</subfield>
   </datafield>
   <datafield tag="653" ind2=" " ind1=" ">
      <subfield code="a">Muerte y final de vida</subfield>
   </datafield>
   <datafield tag="653" ind2=" " ind1=" ">
      <subfield code="a">Neoplasias hematológicas</subfield>
   </datafield>
   <datafield tag="653" ind2=" " ind1=" ">
      <subfield code="a">Cuidados paliativos</subfield>
   </datafield>
   <datafield tag="653" ind2=" " ind1=" ">
      <subfield code="a">Medicina paliativa</subfield>
   </datafield>
   <datafield tag="653" ind2=" " ind1=" ">
      <subfield code="a">Neoplàsies hematològiques malignes</subfield>
   </datafield>
   <datafield tag="653" ind2=" " ind1=" ">
      <subfield code="a">Mort i final de vida</subfield>
   </datafield>
   <datafield tag="653" ind2=" " ind1=" ">
      <subfield code="a">Neoplàsies hematològiques</subfield>
   </datafield>
   <datafield tag="653" ind2=" " ind1=" ">
      <subfield code="a">Cures pal·liatives</subfield>
   </datafield>
   <datafield tag="653" ind2=" " ind1=" ">
      <subfield code="a">Medicina pal·liativa</subfield>
   </datafield>
   <datafield ind2="0" ind1="0" tag="245">
      <subfield code="a">Palliative care in patients with haematological neoplasms: An integrative systematic review</subfield>
   </datafield>
</record></metadata></record></GetRecord></OAI-PMH>